Normal view
MARC view
Entry Personal Name
001 - CONTROL NUMBER
- control field: 1235991
003 - CONTROL NUMBER IDENTIFIER
- control field: OSt
005 - DATE AND TIME OF LATEST TRANSACTION
- control field: 20260429125330.0
008 - FIXED-LENGTH DATA ELEMENTS
- fixed length control field: 260429|| aca||aabn | a|a d
040 ## - CATALOGING SOURCE
- Original cataloging agency: OSt
- Transcribing agency: OSt
100 ## - HEADING--PERSONAL NAME
- Personal name: Domar, D.Evsey
670 ## - SOURCE DATA FOUND
- Source citation: Work cat.: (OSt)1848643: Domar, D.Evsey, Capitalism, Socialism and Serfdom, 1989
